| 000 | 00566nam a22001937a 4500 | ||
|---|---|---|---|
| 005 | 20251108172431.0 | ||
| 008 | 250721s9999 xx 000 0 ara d | ||
| 082 | 1 | 4 | _a811.9عبد |
| 100 | 1 | _aعبدالباقي، سمير | |
| 245 | 1 | 0 | _aقلوب من شجر الجميز / |
| 264 | 1 |
_aالقاهرة : _bالهيئة المصرية العامة للكتاب، |
|
| 300 | _a128ص | ||
| 490 | 0 | _aكتابات جديدة | |
| 650 | 1 | 7 | _aالشعر العربي |
| 650 | 1 | 7 | _aالأدب العربي |
| 650 | 1 | 7 | _aمصر |
| 942 |
_2ddc _cBK |
||
| 999 |
_c79208 _d79208 |
||